Aperçu sur l'étude classique des lettres espagnoles en France (Record no. 158501)
[ view plain ]
| 000 -LEADER | |
|---|---|
| campo de control de longitud fija | 00760nam a2200181 i 4500 |
| 001 - NÚMERO DE CONTROL | |
| campo de control | 158501 |
| 003 - IDENTIFICADOR DE NÚMERO DE CONTROL | |
| campo de control | ES-MaACL |
| 005 - FECHA Y HORA DE LA ÚLTIMA TRANSACCIÓN | |
| campo de control | 20250131222214.0 |
| 008 - DATOS DE LONGITUD FIJA--INFORMACIÓN GENERAL | |
| campo de control de longitud fija | 931025s1881 sp |||| | fre d |
| 100 1# - ENTRADA PRINCIPAL--NOMBRE DE PERSONA | |
| Nombre de persona | Magnabal, Joseph Germain. |
| 9 (RLIN) | 129345 |
| 245 10 - MENCIÓN DEL TÍTULO | |
| Título | Aperçu sur l'étude classique des lettres espagnoles en France |
| Resto del título | : discours prononcé dans la salle des actes de l'Université de Madrid, le 24 de mai 1881 / |
| Mención de responsabilidad, etc. | par J.G. Magnabel... |
| 260 ## - PUBLICACIÓN, DISTRIBUCIÓN, ETC. | |
| Lugar de publicación, distribución, etc. | Madrid : |
| Nombre del editor, distribuidor, etc. | [s.n.], |
| Fecha de publicación, distribución, etc. | 1881 ( |
| Fabricante | Imp. d'Aribau et Cie.) |
| 300 ## - DESCRIPCIÓN FÍSICA | |
| Extensión | 14 p. ; |
| Dimensiones | 22 cm. |
| 650 14 - PUNTO DE ACCESO ADICIONAL DE MATERIA--TÉRMINO DE MATERIA | |
| Término de materia o nombre geográfico como elemento de entrada | |
| 9 (RLIN) | 239593 |
| 650 #4 - PUNTO DE ACCESO ADICIONAL DE MATERIA--TÉRMINO DE MATERIA | |
| Término de materia o nombre geográfico como elemento de entrada | Literatura española- |
| Subdivisión general | Historia y crítica |
| 9 (RLIN) | 14560 |
| 852 ## - LOCALIZACIÓN | |
| Ubicación | ES-MaACL |
| Número de control de estantería | T-378-F-25 |
| Nota libre | -- Enc. hol. |
| condición física | -- Falto de la cub. original |
| Nota libre | -- Enc. en un vol. facticio |
| Estatus retirado | Estado de pérdida | Estado de daño | No para préstamo | Colección | Biblioteca de origen | Biblioteca actual | Ubicación en estantería | Fecha de adquisición | Total de préstamos | Signatura topográfica completa | Código de barras | Visto por última vez | Precio de reemplazo | Tipo de ítem Koha |
|---|---|---|---|---|---|---|---|---|---|---|---|---|---|---|
| Colección de folletos | Biblioteca del Ateneo de Madrid | Biblioteca del Ateneo de Madrid | Depósito folletos | 17/01/2008 | T-378-F-25 | 1165898 | 23/02/2023 | 23/02/2023 | Folleto |
